| 000 | 00411nam a2200181Ia 4500 | ||
|---|---|---|---|
| 008 | 210210b1934 xxu||||| |||| 00| 0 eng d | ||
| 041 | _aeng | ||
| 082 | _a825/536 | ||
| 100 | _aLUCAS (E V) | ||
| 245 | _aShrine of St. Charles | ||
| 260 |
_aLondon _bMethuen & Co. Ltd. _c1934 |
||
| 650 | _aSt. | ||
| 650 | _aShrine | ||
| 650 | _aof | ||
| 650 | _aCharles | ||
| 690 | _aEnglish Criticism | ||
| 906 | _a014852 | ||
| 999 |
_c134076 _d134076 |
||